000 00901nam a2200277 a 4500
001 86064
003 BD-RjUL
005 20260105111713.0
008 260105s19641956enk 000 0 eng
035 _a(BD-RjUL)86064
040 _aDLC
_beng
_cNNepaSU
_dDLC
_dBD-RjUL
041 _aeng
082 _a883
_bFIW 1964
100 1 _aFinley, M. I.
_q(Moses I.),
_d1912-1986.
_917557
245 1 4 _aThe world of Odysseus /
_cM. I. Finley
260 _aLondon :
_bChatto & Windus,
_c1956,[reissued 1964]
300 _a190 p.;
_c19 cm.
336 _atext
_btxt
_2rdacontent
337 _aunmediated
_bn
_2rdamedia
338 _avolume
_bnc
_2rdacarrier
600 0 0 _aHomer.
_tOdyssey.
_917558
600 0 0 _aOdysseus,
_cKing of Ithaca (Mythological character)
_xIn literature.
_917559
650 0 _aEpic poetry, Greek
_xHistory and criticism.
_917560
650 0 _aCivilization, Homeric.
_917561
942 _2ddc
_cBK
999 _c86064
_d86064